|
|
|
|
| LEADER |
00000nam a2200000 a 4500 |
| 001 |
vtls011716276 |
| 003 |
SK-MaSNL |
| 005 |
20260301142636.0 |
| 008 |
240318s2016 xo g 000 0 slo |
| 015 |
|
|
|a SNBA2017/10
|
| 020 |
|
|
|a 9788081930027
|q (brož.)
|
| 035 |
|
|
|a urn:nbn:sk:snk-am00dg2b
|
| 035 |
|
|
|a urn:nbn:sk:snk-am3i12h
|
| 035 |
|
|
|a AA4AFE55-4A40-49C2-93CA-A412CDCB2F3C
|
| 040 |
|
|
|a SNK
|b slo
|c SNK
|e AACR2
|
| 041 |
1 |
|
|a slo
|h eng
|
| 044 |
|
|
|a xo
|c SK
|
| 072 |
|
7 |
|a 27
|x Kresťanstvo. Kresťanská cirkev všeobecne. Ekleziológia
|2 konspekt
|
| 080 |
|
|
|a 27-184
|2 2011
|
| 080 |
|
|
|a 27-14:27-423.79
|2 2011
|
| 080 |
|
|
|a 27-4
|2 2011
|
| 080 |
|
|
|a (049)
|2 2011
|
| 080 |
|
|
|a (0:82-97)
|2 2011
|
| 080 |
|
|
|a 27-277.2
|2 2011
|
| 080 |
|
|
|a 27-423.79
|2 2011
|
| 100 |
1 |
|
|a Lozano, Neal,
|d 1949-
|4 aut
|9 40881
|
| 240 |
1 |
0 |
|a Abba's heart
|l Slovensky
|
| 245 |
1 |
0 |
|a Otcovo srdce
|b znovuobjavenie cesty k Otcovej radosti
|c Neal Lozano a Matthew Lozano ; [z anglického originálu ... preložil Lukáš Vaník]
|
| 250 |
|
|
|a 1. vyd.
|
| 260 |
|
|
|a Bratislava
|b Redemptoristi - Slovo medzi nami
|c 2016
|
| 300 |
|
|
|a 219 s.
|c 21 cm
|
| 650 |
0 |
7 |
|a Boh a človek
|2 SNKPH
|9 1711
|
| 650 |
0 |
7 |
|a Relations between God and man
|2 SNKPHeng
|9 303193
|
| 650 |
0 |
7 |
|a Božia láska
|2 SNKPH
|9 83540
|
| 650 |
0 |
7 |
|a God's love
|2 SNKPHeng
|9 304357
|
| 650 |
0 |
7 |
|a biblické citáty
|2 SNKPH
|9 1914
|
| 650 |
0 |
7 |
|a Biblical quotations
|2 SNKPHeng
|9 268253
|
| 650 |
0 |
7 |
|a kresťanský život
|2 SNKPH
|9 1808
|
| 650 |
0 |
7 |
|a Christian life
|2 SNKPHeng
|9 265582
|
| 650 |
0 |
7 |
|a kresťanská láska
|2 SNKPH
|9 4352
|
| 650 |
0 |
7 |
|a Christian love
|2 SNKPHeng
|9 332812
|
| 655 |
|
7 |
|a rozpravy
|2 SNKPH
|9 70559
|
| 655 |
|
7 |
|a Essays
|2 SNKPHeng
|9 267540
|
| 655 |
|
7 |
|a modlitby
|2 SNKPH
|9 70550
|
| 655 |
|
7 |
|a Prayers
|2 SNKPHeng
|9 291214
|
| 700 |
1 |
|
|a Lozano, Matthew
|4 aut
|9 498498
|
| 700 |
1 |
|
|a Vaník, Lukáš
|4 trl
|9 55332
|
| 852 |
|
|
|a Štátna vedecká knižnica v Banskej Bystrici
|
| 919 |
|
|
|a 978-80-8193-002-7
|
| 958 |
|
|
|a NT
|
| 958 |
|
|
|a OP
|
| 968 |
|
|
|b ENG
|
| 999 |
|
|
|c 770982
|d 772912
|
| 952 |
|
|
|a SNK
|b SNK
|y PREZ
|7 0
|p 17A1273766
|o snkSC 176585
|i snk2017/22911
|8 0
|0 0
|1 0
|4 0
|d 2017-10-18
|f 1
|l 0
|r 2025-09-18 00:00:00
|w 2026-02-24
|
| 952 |
|
|
|a SNK
|b SNK
|y VYP
|7 0
|p 17A1273773
|o snkSC 176585 D1
|i snk2017/22912
|8 0
|0 0
|1 0
|4 0
|d 2017-10-18
|l 0
|r 2026-02-24 00:34:18
|w 2026-02-24
|